[Event "38th Nezhmetdinov Mem"]
[Site "Kazan RUS"]
[Date "2016.06.03"]
[Round "4.50"]
[White "Kalabukhov, Bogdan"]
[Black "Karamov, Stepan"]
[Result "1-0"]
[WhiteElo "2056"]
[BlackElo "1785"]
[WhiteFideId "34102865"]
[BlackFideId "24198145"]
[EventDate "2016.05.31"]

1. d4 d5 2. Bf4 Nf6 3. Nf3 e6 4. e3 c5 5. Nbd2 Nc6 6. c3 Bd6 7. Bg3 O-O 8. Bd3
b6 9. e4 Nh5 10. Bxd6 Qxd6 11. e5 Qe7 12. g3 g6 13. O-O a6 14. a3 b5 15. b4 cxd4
16. cxd4 Bd7 17. Nb3 a5 18. Bxb5 axb4 19. a4 Na5 20. Bxd7 Qxd7 21. Nc5 Qc6 22.
Rb1 Nb7 23. Rxb4 Nxc5 24. dxc5 Qxc5 25. Qd2 Rfc8 26. Rfb1 Ng7 27. g4 Ne8 28. Kg2
Qc3 29. Qh6 f6 30. Nd4 Ra6 31. Rb7 Nc7 32. exf6 Qxd4 33. Qg7# 1-0

[Event "38th Nezhmetdinov Mem"]
[Site "Kazan RUS"]
[Date "2016.06.03"]
[Round "4.51"]
[White "Kurninov, Andrei"]
[Black "Elkin, Leonid"]
[Result "0-1"]
[WhiteElo "1772"]
[BlackElo "2055"]
[WhiteFideId "4178963"]
[BlackFideId "13501240"]
[EventDate "2016.05.31"]

1. e4 c5 2. Nf3 d6 3. d4 cxd4 4. Nxd4 Nf6 5. Nc3 Nc6 6. Be3 Ng4 7. Qd2 Nxe3 8.
Qxe3 g6 9. Bc4 Bg7 10. Nde2 Qa5 11. O-O O-O 12. Bb3 b5 13. Qg5 Ba6 14. Rfe1 e6
15. Rad1 Rfd8 16. f4 b4 17. Qxa5 Nxa5 18. Na4 Rac8 19. Nd4 Nxb3 20. axb3 e5 21.
fxe5 dxe5 22. Nf3 Rxd1 23. Rxd1 Bb7 24. Rd7 Bxe4 25. Ng5 Bxc2 26. Rxa7 e4 27.
Rd7 Bxb3 28. Nb6 Re8 29. Kf2 Bxb2 30. Ke2 h6 31. Nh3 Be6 32. Rb7 Bg4+ 33. Ke3
Bc1+ 34. Kf2 e3+ 0-1

[Event "38th Nezhmetdinov Mem"]
[Site "Kazan RUS"]
[Date "2016.06.03"]
[Round "4.52"]
[White "Kolbyshev, Sergei"]
[Black "Talipov, Vitaly"]
[Result "1-0"]
[WhiteElo "2054"]
[BlackElo "1616"]
[WhiteFideId "34107646"]
[BlackFideId "54123798"]
[EventDate "2016.05.31"]

1. d4 Nf6 2. Nf3 c5 3. d5 d6 4. c4 e5 5. Nc3 Be7 6. e4 O-O 7. Be2 a6 8. O-O Ne8
9. Ne1 g6 10. Nd3 Ng7 11. Be3 f5 12. f3 f4 13. Bf2 Nd7 14. Rb1 Nb6 15. b4 Nxc4
16. bxc5 Qa5 17. Rc1 dxc5 18. Nxc5 Nb2 19. Nb3 Nxd1 20. Nxa5 Nxc3 21. Rxc3 Bb4
22. Rxc8 Rfxc8 23. Nc4 Re8 24. Rb1 a5 25. a3 Bf8 26. Rxb7 Reb8 27. Rxb8 Rxb8 28.
Nxe5 Rb1+ 29. Bf1 Bxa3 30. Nc4 Bb4 31. Nb6 Kf7 32. g3 g5 33. g4 Ra1 34. Bd4 Rd1
35. Bf2 Ke7 36. h4 h6 37. hxg5 hxg5 38. Nc4 a4 39. Nb2 Ra1 40. Bd4 Ne8 41. Nd3
Rxf1+ 42. Kxf1 1-0

[Event "38th Nezhmetdinov Mem"]
[Site "Kazan RUS"]
[Date "2016.06.03"]
[Round "4.53"]
[White "Murzaev, Danil"]
[Black "Murtazin, Ruslan"]
[Result "0-1"]
[WhiteElo "1578"]
[BlackElo "2050"]
[WhiteFideId "34142727"]
[BlackFideId "24175960"]
[EventDate "2016.05.31"]

1. d4 Nf6 2. Nc3 d5 3. Bg5 g6 4. Nf3 Bg7 5. Bxf6 exf6 6. e4 dxe4 7. Nxe4 O-O 8.
Be2 Re8 9. Ng3 f5 10. O-O f4 11. Nh1 Bf5 12. c3 Nc6 13. Re1 Qd7 14. g3 Bh6 15.
gxf4 Bxf4 16. Ng3 Bh3 17. Bf1 Bg4 18. Be2 h5 19. Nh4 Bh3 20. Bf3 Rxe1+ 21. Qxe1
Re8 22. Qd1 Nd8 23. Qb3 Kg7 24. Qc4 Qe7 25. Ng2 Bxg2 26. Bxg2 h4 27. Nf1 Qg5 28.
Qd5 Qxd5 29. Bxd5 b6 30. Kg2 f5 31. Kf3 Bd6 32. h3 Ne6 33. Ne3 Nf4 34. Bc6 Re6
35. Rh1 Nd3 36. Rg1 Kh6 37. b3 Nxf2 38. Kxf2 Bg3+ 39. Kf3 Rxc6 40. c4 Re6 41. d5
Re8 42. b4 Bd6 43. a3 a5 44. Rb1 axb4 45. axb4 Ra8 46. Rc1 Bxb4 47. Nc2 Bc5 48.
Kf4 Ra4 49. Ne3 Ra3 50. Re1 Bxe3+ 51. Rxe3 Rxe3 52. Kxe3 g5 0-1

[Event "38th Nezhmetdinov Mem"]
[Site "Kazan RUS"]
[Date "2016.06.03"]
[Round "4.54"]
[White "Zharkov, Nikolay"]
[Black "Sinyanskiy, Maxim"]
[Result "0-1"]
[WhiteElo "1629"]
[BlackElo "2042"]
[WhiteFideId "54193648"]
[BlackFideId "4178068"]
[EventDate "2016.05.31"]

1. Nf3 Nf6 2. g3 b6 3. Bg2 Bb7 4. O-O e6 5. d3 d5 6. c4 Bd6 7. Nc3 O-O 8. a3 a5
9. Qc2 c6 10. e4 Nbd7 11. Bg5 Qc7 12. d4 Nxe4 13. Nxe4 dxe4 14. Qxe4 c5 15. Qg4
f5 16. Qh3 Rae8 17. b3 Bxf3 18. Bxf3 cxd4 19. Rad1 e5 20. Bd5+ Kh8 21. a4 Nf6
22. Bxf6 Rxf6 23. f3 Ref8 24. Rf2 Rh6 25. Qf1 Be7 26. Qd3 Bg5 27. Rg2 Be3+ 28.
Kh1 Qe7 29. Rb1 Rhf6 30. Rgb2 Qb4 31. Qe2 g5 32. Qe1 h5 33. Qxb4 axb4 34. Rd1 g4
35. Rc2 gxf3 36. Bxf3 h4 37. Re2 e4 38. Bh5 Rh6 39. g4 f4 40. Rde1 h3 41. c5
bxc5 0-1

[Event "38th Nezhmetdinov Mem"]
[Site "Kazan RUS"]
[Date "2016.06.03"]
[Round "4.56"]
[White "Shipitsyna, Guzyal"]
[Black "Shkuro, Alexandr"]
[Result "0-1"]
[WhiteElo "1478"]
[BlackElo "1992"]
[WhiteFideId "24141348"]
[BlackFideId "4174160"]
[EventDate "2016.05.31"]

1. d4 d5 2. c4 Nf6 3. Nc3 e6 4. Nf3 Nc6 5. Bf4 Bb4 6. e3 Ne4 7. Rc1 O-O 8. Bd3
f5 9. O-O Bxc3 10. bxc3 Ne7 11. cxd5 Nxd5 12. Be5 Ndxc3 13. Qb3 Nd5 14. g3 Nef6
15. Bxf6 Qxf6 16. Ne5 c6 17. Qd1 g6 18. Qe2 Kg7 19. f4 Qe7 20. Nf3 Bd7 21. Ng5
h6 22. Nf3 Be8 23. Ne5 Nf6 24. Bc4 Qd6 25. Bb3 Nd5 26. Rfe1 Rc8 27. e4 Nf6 28.
exf5 Qxd4+ 29. Kh1 exf5 30. Rc4 Qd5+ 31. Kg1 Rd8 32. Rd1 Qa5 33. Kf1 Rxd1+ 34.
Qxd1 c5 35. Ra4 Bxa4 36. Bxa4 Qa6+ 37. Kg2 b5 38. Bc2 Qb7+ 39. Kh3 Qd5 40. Qa1
Rd8 41. Nd3 Qd4 42. Qb1 a6 43. Qc1 Qc3 44. Qb1 c4 45. Ne5 Rd2 46. Bxf5 gxf5 47.
Qxf5 Qc2 0-1

[Event "38th Nezhmetdinov Mem"]
[Site "Kazan RUS"]
[Date "2016.06.03"]
[Round "4.57"]
[White "Voinikonis, Nikita"]
[Black "Gismatullin, Sayar"]
[Result "1-0"]
[WhiteElo "2168"]
[BlackElo "1875"]
[WhiteFideId "34187500"]
[BlackFideId "34110930"]
[EventDate "2016.05.31"]

1. e4 c5 2. Nf3 d6 3. d4 cxd4 4. Nxd4 Nf6 5. f3 a6 6. c4 e6 7. Nc3 Be7 8. Be3 h5
9. Be2 Nbd7 10. Qd2 Qc7 11. Rc1 b6 12. b4 Bb7 13. a3 Rc8 14. Nb3 Qb8 15. O-O O-O
16. Rfd1 Bc6 17. Rb1 Rfd8 18. a4 Ne5 19. a5 d5 20. Bxb6 dxe4 21. Bxd8 Rxd8 22.
Qe3 exf3 23. gxf3 Rxd1+ 24. Nxd1 Bd6 25. b5 axb5 26. cxb5 Bd5 27. Nc3 Ng6 28.
Qf2 Nf4 29. Bf1 Bc4 30. Kh1 Bxf1 31. Qxf1 Qc7 32. Rc1 Qb7 33. a6 Qb6 34. Na4 Qe3
35. Rc3 Qe5 36. a7 Nh3 37. a8=Q+ Kh7 38. Rc2 1-0

[Event "38th Nezhmetdinov Mem"]
[Site "Kazan RUS"]
[Date "2016.06.03"]
[Round "4.58"]
[White "Gilyazitdinov, Nikita"]
[Black "Pogorelskikh, Sofia"]
[Result "1-0"]
[WhiteElo "2065"]
[BlackElo "1744"]
[WhiteFideId "4184106"]
[BlackFideId "44164548"]
[EventDate "2016.05.31"]

1. c4 Nf6 2. Nc3 g6 3. g3 Bg7 4. Bg2 O-O 5. e3 d6 6. Nge2 c5 7. O-O Nc6 8. a3
Rb8 9. Rb1 Bf5 10. d3 Ne5 11. e4 Bd7 12. b4 b6 13. b5 Bc8 14. f4 Ned7 15. h3 Ne8
16. Be3 Nc7 17. Qd2 Ne6 18. Qe1 Nd4 19. Qf2 Nc2 20. Kh1 Nxe3 21. Qxe3 Bb7 22. g4
Nf6 23. g5 Nd7 24. h4 h5 25. Nd1 Kh7 26. Ng3 Re8 27. Qe2 Rh8 28. Ne3 Qe8 29. Bh3
Nf8 30. f5 Bc8 31. Rf2 Nd7 32. fxg6+ fxg6 33. Nxh5 Ne5 34. Bxc8 Rxc8 35. Nf4 Kg8
36. Rh2 Qd7 37. Rf1 Rf8 38. Nfd5 Rxf1+ 39. Qxf1 Bf8 40. Qe2 Qe6 41. Kg1 Qf7 42.
Rf2 Qe6 43. Rf4 Qh3 44. Qf2 Kg7 45. Nc7 Qd7 46. Ncd5 Qe6 47. Qf1 Qd7 48. Ng4
Rxh4 49. Nxe5 dxe5 50. Rf7+ Kh8 51. Rxf8+ 1-0

[Event "38th Nezhmetdinov Mem"]
[Site "Kazan RUS"]
[Date "2016.06.03"]
[Round "4.59"]
[White "Mischeryakov, Alexey"]
[Black "Safin, Robert"]
[Result "1-0"]
[WhiteElo "1976"]
[BlackElo "1581"]
[WhiteFideId "34156434"]
[BlackFideId "34189120"]
[EventDate "2016.05.31"]

1. c4 Nf6 2. Nc3 g6 3. g3 Bg7 4. Bg2 d6 5. Nf3 c5 6. O-O Nc6 7. d3 O-O 8. Rb1
Bd7 9. a3 a5 10. e3 Bf5 11. Nh4 Bd7 12. b3 Qc8 13. Re1 Rb8 14. Bb2 Na7 15. Nd5
Nxd5 16. Bxd5 b5 17. Bxg7 Kxg7 18. Qd2 Qc7 19. Bg2 Bc6 20. Bxc6 Nxc6 21. f4 bxc4
22. bxc4 Rxb1 23. Rxb1 Rb8 24. Rb5 a4 25. Qb2+ Kg8 26. Nf3 f6 27. Nd2 Kf7 28.
Rxb8 Qxb8 29. Qb5 Qa8 30. Kf2 Qa5 31. Qxa5 Nxa5 32. Nb1 Nb3 33. Ke2 Ke6 34. Nc3
Kd7 35. Nxa4 e6 36. Kd1 Na5 37. Kc2 Kc6 38. Kc3 d5 39. Nb2 e5 40. cxd5+ Kxd5 41.
e4+ Ke6 42. Nc4 Nc6 43. Ne3 Na5 44. f5+ Kf7 45. g4 g5 46. Nd5 Kg7 47. Nc7 h5 48.
h3 hxg4 49. hxg4 Kf7 50. Ne6 Ke7 51. Nxc5 Kd6 52. Nb3 1-0

[Event "38th Nezhmetdinov Mem"]
[Site "Kazan RUS"]
[Date "2016.06.03"]
[Round "4.60"]
[White "Khafizov, Emir"]
[Black "Shaidullin, Askar"]
[Result "1/2-1/2"]
[WhiteElo "1684"]
[BlackElo "1934"]
[WhiteFideId "34150355"]
[BlackFideId "34159662"]
[EventDate "2016.05.31"]

1. d4 d5 2. Nf3 Nf6 3. c4 e6 4. Qc2 Bb4+ 5. Bd2 Bxd2+ 6. Nbxd2 O-O 7. g3 Nc6 8.
Bg2 Bd7 9. O-O Ne7 10. Ne5 c6 11. e4 dxe4 12. Nxe4 Nxe4 13. Bxe4 Ng6 14. Rfd1
Qc7 15. Rd2 Kh8 16. Rad1 Rad8 17. Bxg6 fxg6 18. Nxd7 Rxd7 19. Qe4 Re7 20. Re2
Rfe8 21. Rde1 Qa5 22. b3 Kg8 23. d5 Qc5 24. dxe6 Qf5 25. Qe5 Qxe5 26. Rxe5 Rd8
27. Kg2 Rd2 28. R5e2 Rxe2 29. Rxe2 Kf8 30. Kf3 Re8 31. Kf4 Ke7 32. Rd2 Rf8+ 33.
Ke5 Rf5+ 34. Ke4 Kxe6 35. f4 Rf8 36. g4 Re8 37. Kf3 Re7 38. Re2+ Kf6 39. Rxe7
Kxe7 40. c5 Ke6 41. Ke4 Kf6 42. h4 h6 43. b4 Ke6 44. a3 a6 45. g5 hxg5 46. hxg5
Ke7 47. Ke5 Kd7 48. f5 Ke7 49. a4 gxf5 50. Kxf5 Kf7 51. Kf4 Ke6 52. Ke4 g6 53.
a5 Kf7 54. Kd4 Ke6 55. Ke4 Kf7 1/2-1/2

[Event "38th Nezhmetdinov Mem"]
[Site "Kazan RUS"]
[Date "2016.06.03"]
[Round "4.61"]
[White "Asafiev, Ignat"]
[Black "Shevtsov, Mikhail"]
[Result "1/2-1/2"]
[WhiteElo "1880"]
[BlackElo "1728"]
[WhiteFideId "34142573"]
[BlackFideId "54106931"]
[EventDate "2016.05.31"]

1. d4 c6 2. c4 d5 3. Nc3 Nf6 4. Nf3 dxc4 5. a4 Bg4 6. e3 Nbd7 7. Bxc4 e6 8. h3
Bh5 9. O-O Be7 10. Be2 O-O 11. Qc2 Rc8 12. Rd1 Qc7 13. Bd2 e5 14. dxe5 Nxe5 15.
Nxe5 Bxe2 16. Nxe2 Qxe5 17. Bc3 Qc7 18. Nf4 Rcd8 19. Rxd8 Rxd8 20. Rd1 Rxd1+ 21.
Qxd1 Qd7 22. Qd4 Qxd4 23. Bxd4 b6 24. Bxf6 Bxf6 25. b3 Kf8 26. Kf1 Ke7 27. Nd3
a5 28. e4 Kd6 29. f4 Bc3 30. Ke2 b5 31. Kd1 bxa4 32. bxa4 f6 33. Kc2 Bd4 34. Kb3
Be3 35. Kc4 Bg1 36. Nc1 Be3 37. Nb3 Bb6 38. Nc1 Be3 39. Nd3 Bg1 40. Nc5 Bxc5 41.
e5+ fxe5 42. fxe5+ Kxe5 43. Kxc5 g5 44. Kxc6 Kf4 45. Kb5 Kg3 46. Kxa5 Kxg2 47.
Kb5 Kxh3 48. a5 g4 49. a6 g3 50. a7 g2 51. a8=Q g1=Q 52. Qf3+ 1/2-1/2

[Event "38th Nezhmetdinov Mem"]
[Site "Kazan RUS"]
[Date "2016.06.03"]
[Round "4.62"]
[White "Shkalikova, Marina"]
[Black "Bogatov, Bogdan"]
[Result "1-0"]
[WhiteElo "1823"]
[BlackElo "1680"]
[WhiteFideId "34111333"]
[BlackFideId "34110612"]
[EventDate "2016.05.31"]

1. e4 c5 2. Nf3 d6 3. Bb5+ Bd7 4. Bxd7+ Qxd7 5. O-O Nc6 6. Re1 Nf6 7. c3 e6 8.
d4 cxd4 9. cxd4 d5 10. e5 Ng8 11. a3 Nge7 12. Nc3 a6 13. Bf4 Nc8 14. Rc1 Nb6 15.
Na4 Nxa4 16. Qxa4 Nxe5 17. Qxd7+ Nxd7 18. Rc7 b5 19. Rec1 Nb6 20. R1c6 Nd7 21.
Rb7 Rd8 22. Rxa6 Be7 23. Raa7 f6 24. Kf1 g5 25. Bc7 Rc8 26. Ba5 Bd8 27. Bxd8
Rxd8 28. Ke2 h5 29. Rxb5 Rb8 30. Rxb8+ Nxb8 31. b4 Rf8 32. b5 Nd7 33. Ra8+ Ke7
34. Rxf8 Nxf8 35. Kd3 Nd7 36. a4 Kd6 37. Nd2 e5 38. a5 e4+ 39. Kc3 f5 40. Nb3 f4
41. b6 Kc6 42. Nc5 Nxc5 43. dxc5 Kb7 44. Kd4 g4 45. g3 f3 46. Ke3 Kb8 47. c6 1-0

[Event "38th Nezhmetdinov Mem"]
[Site "Kazan RUS"]
[Date "2016.06.03"]
[Round "4.63"]
[White "Taipov, Ilmir"]
[Black "Danilova, Rada"]
[Result "1-0"]
[WhiteElo "1673"]
[BlackElo "1808"]
[WhiteFideId "34182893"]
[BlackFideId "34156760"]
[EventDate "2016.05.31"]

1. e4 c5 2. c4 e6 3. Nf3 Nc6 4. d4 cxd4 5. Nxd4 Nf6 6. Nc3 d6 7. Be2 a6 8. O-O
Be7 9. Kh1 Qc7 10. b3 Nxd4 11. Qxd4 b6 12. Be3 Nd7 13. Rac1 Bf6 14. Qd2 Bb7 15.
f3 O-O 16. Bd4 Bxd4 17. Qxd4 Qc5 18. Rfd1 Rad8 19. Qxd6 Qg5 20. Qg3 Qe3 21. Qd6
g6 22. Qd2 Qf2 23. Qd4 Qh4 24. Qe3 Bc6 25. Rd6 Ne5 26. g3 Qf6 27. Rcd1 Rxd6 28.
Rxd6 Rd8 29. Rxd8+ Qxd8 30. Kg1 Bb7 31. f4 Nc6 32. Qd3 Qe7 33. e5 Qc5+ 34. Kf1
b5 35. Ne4 Qa3 36. cxb5 axb5 37. Qxb5 Qxa2 38. Nf6+ Kg7 39. Qxb7 Qa1+ 40. Kg2
Nd4 41. Ne8+ Kh6 42. Qxf7 Nxe2 43. Qg7+ 1-0

[Event "38th Nezhmetdinov Mem"]
[Site "Kazan RUS"]
[Date "2016.06.03"]
[Round "4.64"]
[White "Kovaleva, Ekaterina"]
[Black "Grekhov, Luka"]
[Result "1-0"]
[WhiteElo "1786"]
[BlackElo "1639"]
[WhiteFideId "34128252"]
[BlackFideId "44129637"]
[EventDate "2016.05.31"]

1. e4 c5 2. d4 cxd4 3. c3 Nf6 4. e5 Nd5 5. Nf3 e6 6. cxd4 Nc6 7. Nc3 d6 8. exd6
Bxd6 9. Bd3 Nf4 10. Bxf4 Bxf4 11. O-O O-O 12. Re1 g6 13. Be4 Bh6 14. d5 exd5 15.
Bxd5 Qf6 16. Qb3 Nd4 17. Nxd4 Qxd4 18. Re7 Qf6 19. Rc7 Bf4 20. Ne4 Qf5 21. Re7
Rb8 22. g3 Be5 23. Re1 Bd4 24. Re2 Be6 25. Bxe6 fxe6 26. Rxe6 Kh8 27. Re7 b5 28.
Nd6 1-0

[Event "38th Nezhmetdinov Mem"]
[Site "Kazan RUS"]
[Date "2016.06.03"]
[Round "4.65"]
[White "Gavrilin, Roman"]
[Black "Lenkova, Lidiya"]
[Result "1-0"]
[WhiteElo "1753"]
[BlackElo "1518"]
[WhiteFideId "54104564"]
[BlackFideId "54102740"]
[EventDate "2016.05.31"]

1. e4 Nf6 2. e5 Nd5 3. d4 d6 4. Nf3 Bf5 5. Bd3 Bxd3 6. Qxd3 c6 7. O-O g6 8. Re1
Bg7 9. c4 Nc7 10. Bf4 d5 11. Nc3 O-O 12. Rac1 Ne6 13. Bg3 Na6 14. cxd5 cxd5 15.
a3 Nac7 16. Ne2 Qd7 17. Nf4 Rac8 18. Nxe6 Nxe6 19. h3 Nc7 20. Rc2 e6 21. Bf4 Na6
22. Rec1 Rxc2 23. Qxc2 Re8 24. b4 b6 25. Qc6 Qxc6 26. Rxc6 Nb8 27. Rc7 a6 28.
Bg5 Bf8 29. Bf6 h6 30. Rb7 b5 31. Rc7 Bg7 32. Be7 Bf8 33. Bd6 Rd8 34. Nd2 Kg7
35. Bxf8+ Kxf8 36. Nb3 Ke8 37. Nc5 h5 38. Nb7 Rd7 39. Rc8+ Ke7 40. Rxb8 Rc7 41.
Nc5 1-0

[Event "38th Nezhmetdinov Mem"]
[Site "Kazan RUS"]
[Date "2016.06.04"]
[Round "5.1"]
[White "Shomoev, Anton"]
[Black "Iljiushenok, Ilia"]
[Result "1-0"]
[WhiteTitle "GM"]
[BlackTitle "IM"]
[WhiteElo "2553"]
[BlackElo "2499"]
[WhiteFideId "4135148"]
[BlackFideId "24105074"]
[EventDate "2016.05.31"]

1. e4 e6 2. d4 d5 3. Nc3 Nf6 4. Bg5 dxe4 5. Nxe4 Be7 6. Bxf6 gxf6 7. Nf3 a6 8.
c4 f5 9. Nc3 c5 10. d5 Bf6 11. Qc2 O-O 12. O-O-O e5 13. Nd2 b5 14. g4 b4 15. Na4
Qa5 16. gxf5 Kh8 17. Ne4 Bxf5 18. Bd3 Bg7 19. Nexc5 Bg4 20. Rhg1 Nd7 21. Rxg4
Nxc5 22. Nxc5 Qxc5 23. Bxh7 Rab8 24. Rh4 Rb6 25. Kb1 Bh6 26. Bf5 Rd8 27. Be6 Qf8
28. Qc1 Kh7 29. c5 1-0

[Event "38th Nezhmetdinov Mem"]
[Site "Kazan RUS"]
[Date "2016.06.04"]
[Round "5.2"]
[White "Maiorov, Nikita1"]
[Black "Kokarev, Dmitry"]
[Result "0-1"]
[WhiteTitle "GM"]
[BlackTitle "GM"]
[WhiteElo "2538"]
[BlackElo "2622"]
[WhiteFideId "13501720"]
[BlackFideId "4132181"]
[EventDate "2016.05.31"]

1. g3 c5 2. c4 g6 3. Bg2 Bg7 4. Nc3 Nc6 5. b3 e6 6. Bb2 Nge7 7. Qc1 d6 8. Nh3
O-O 9. Nf4 b6 10. O-O Bb7 11. e3 Qd7 12. Nce2 e5 13. Nd5 Nxd5 14. Bxd5 Nb4 15.
Bxb7 Qxb7 16. Qb1 Qf3 17. Nc3 e4 18. Qd1 Nd3 19. Qxf3 exf3 20. Rab1 Rad8 21. Na4
Nxb2 22. Nxb2 d5 23. Rfd1 Rd6 24. a4 Rfd8 25. Kf1 d4 26. e4 g5 27. Nd3 Rh6 28.
Kg1 Re8 29. b4 cxb4 30. Rxb4 Rxe4 31. a5 g4 32. Rb5 Rc6 33. h3 gxh3 34. axb6
axb6 35. Ne1 Re2 36. Nxf3 Rf6 37. Rb3 Bh6 38. Kf1 Re4 39. Rd3 Rc6 40. Rb3 d3 41.
c5 bxc5 42. Rxd3 Rf6 43. Kg1 c4 44. Rd8+ Kg7 45. Nh2 Rf5 46. Kf1 c3 47. dxc3 Be3
48. f3 Ra4 49. Re8 Ra2 50. Rxe3 Rxh2 51. Rde1 Ra5 52. f4 Raa2 0-1

[Event "38th Nezhmetdinov Mem"]
[Site "Kazan RUS"]
[Date "2016.06.04"]
[Round "5.3"]
[White "Pridorozhni, Aleksei"]
[Black "Bocharov, Dmitry"]
[Result "1-0"]
[WhiteTitle "GM"]
[BlackTitle "GM"]
[WhiteElo "2552"]
[BlackElo "2597"]
[WhiteFideId "4127870"]
[BlackFideId "4138716"]
[EventDate "2016.05.31"]

1. e4 c5 2. Nf3 d6 3. Bb5+ Nd7 4. O-O Nf6 5. Re1 a6 6. Bf1 b6 7. c3 Bb7 8. d3 g6
9. Nbd2 Bg7 10. d4 cxd4 11. cxd4 O-O 12. b4 a5 13. b5 e5 14. dxe5 Ng4 15. Nc4
Ndxe5 16. Nfxe5 Nxe5 17. Nxd6 Qh4 18. Qe2 Bc8 19. Nxc8 Raxc8 20. Ba3 Rfd8 21.
Rad1 h5 22. h3 Qf6 23. Rd5 Re8 24. Red1 h4 25. Rd6 Re6 26. Qe3 Bf8 27. Rxe6 Qxe6
28. Bxf8 Rxf8 29. Rd5 Re8 30. f4 Nd7 31. Qd4 Nc5 32. e5 Kg7 33. Rd6 Qxa2 34. e6+
Kh7 35. f5 Qa4 36. Qf6 1-0

[Event "38th Nezhmetdinov Mem"]
[Site "Kazan RUS"]
[Date "2016.06.04"]
[Round "5.4"]
[White "Lintchevski, Daniil"]
[Black "Shariyazdanov, Andrey"]
[Result "1/2-1/2"]
[WhiteTitle "GM"]
[BlackTitle "GM"]
[WhiteElo "2566"]
[BlackElo "2527"]
[WhiteFideId "4171055"]
[BlackFideId "4122747"]
[EventDate "2016.05.31"]

1. e4 d6 2. d4 Nf6 3. Nc3 g6 4. h3 Bg7 5. g4 c5 6. dxc5 Qa5 7. Bg2 Qxc5 8. Nge2
Nc6 9. O-O O-O 10. Nd5 Nxd5 11. exd5 Nd4 12. Nxd4 Qxd4 13. Qxd4 Bxd4 14. c3 Bg7
15. Re1 Re8 16. a4 Bd7 17. a5 a6 18. Re4 Rac8 19. Be3 Bb5 20. Rb4 Rc4 21. Rxc4
Bxc4 22. Ra4 Rc8 23. Rb4 Bb5 24. Bf1 Bxf1 25. Kxf1 Rc7 26. Bb6 Rc8 27. Ke2 Kf8
28. g5 h5 29. gxh6 Bxh6 30. Kd3 Ke8 31. Rh4 Bg7 32. Bd4 Bxd4 33. Kxd4 Kd7 34. b4
g5 35. Rh7 f6 36. c4 Rg8 37. f3 f5 38. Kc3 g4 39. hxg4 fxg4 40. fxg4 Rxg4 41.
Rh3 Rg1 1/2-1/2

[Event "38th Nezhmetdinov Mem"]
[Site "Kazan RUS"]
[Date "2016.06.04"]
[Round "5.5"]
[White "Yudin, Sergei"]
[Black "Fedorov, Alexei"]
[Result "1/2-1/2"]
[WhiteTitle "GM"]
[BlackTitle "GM"]
[WhiteElo "2530"]
[BlackElo "2565"]
[WhiteFideId "4159659"]
[BlackFideId "13500465"]
[EventDate "2016.05.31"]

1. e4 c5 2. Nf3 e6 3. d4 cxd4 4. Nxd4 a6 5. Bd3 Bc5 6. Nb3 Be7 7. Qg4 g6 8. Qe2
d6 9. O-O Nd7 10. a4 Ne5 11. a5 Nf6 12. Be3 O-O 13. Bb6 Qe8 14. c4 Bd7 15. Nc3
Rc8 16. f4 Nxd3 17. Qxd3 Bc6 18. Nd2 Nd7 19. Be3 f5 20. exf5 gxf5 21. b4 Qg6 22.
g3 Nf6 23. b5 Be4 24. Ncxe4 fxe4 25. Qe2 Qg4 26. Qg2 d5 27. bxa6 bxa6 28. h3 Qg7
29. g4 Bc5 30. Bxc5 Rxc5 31. Ra3 Ne8 32. Qf2 Rc6 33. Rb3 Nd6 34. Rb6 Rfc8 35.
Rfb1 Rxb6 36. Qxb6 Qc7 37. cxd5 exd5 38. Qd4 Qc5 39. Nb3 Qxd4+ 40. Nxd4 Rc4 41.
Rd1 1/2-1/2

[Event "38th Nezhmetdinov Mem"]
[Site "Kazan RUS"]
[Date "2016.06.04"]
[Round "5.6"]
[White "Rozum, Ivan"]
[Black "Moskalenko, Alexander"]
[Result "1/2-1/2"]
[WhiteTitle "GM"]
[BlackTitle "IM"]
[WhiteElo "2559"]
[BlackElo "2464"]
[WhiteFideId "24104272"]
[BlackFideId "4155351"]
[EventDate "2016.05.31"]

1. d4 Nf6 2. Nf3 e6 3. c4 d5 4. g3 Be7 5. Bg2 O-O 6. O-O dxc4 7. Ne5 Nc6 8. Bxc6
bxc6 9. Nxc6 Qe8 10. Nxe7+ Qxe7 11. Na3 c5 12. dxc5 Qxc5 13. Be3 Qc6 14. Rc1 Ba6
15. Nxc4 Bxc4 16. b3 Bxe2 17. Qxe2 Qe4 18. Rc4 Qe5 19. Qf3 Rfd8 20. Bd4 Qd5 21.
Qxd5 Nxd5 22. Rfc1 f6 23. Ra4 a5 24. Rc6 e5 25. Bc3 Nxc3 26. Rxc3 Ra7 27. Rc5
Rda8 28. h4 Kf7 29. h5 g6 30. h6 g5 31. f4 exf4 32. gxf4 Kg6 33. fxg5 fxg5 34.
Rg4 Kxh6 35. Rgxg5 a4 36. b4 a3 37. Rg3 Rg7 38. Rxg7 Kxg7 39. Kf2 Kg6 40. Ke3 h5
41. b5 Ra4 42. Rc3 Rb4 1/2-1/2

[Event "38th Nezhmetdinov Mem"]
[Site "Kazan RUS"]
[Date "2016.06.04"]
[Round "5.8"]
[White "Timofeev, Artyom"]
[Black "Sharafiev, Azat"]
[Result "1-0"]
[WhiteTitle "GM"]
[BlackTitle "IM"]
[WhiteElo "2598"]
[BlackElo "2435"]
[WhiteFideId "4140419"]
[BlackFideId "4186214"]
[EventDate "2016.05.31"]

1. d4 Nf6 2. c4 g6 3. g3 Bg7 4. Bg2 O-O 5. Nc3 d6 6. Nf3 Nc6 7. O-O a6 8. Bf4
Rb8 9. Rc1 Bd7 10. Qd2 b5 11. Nd5 e6 12. Nxf6+ Bxf6 13. Rfd1 Re8 14. b3 bxc4 15.
Rxc4 Ne7 16. h4 Bg7 17. Bh6 Bb5 18. Bxg7 Kxg7 19. Rc2 Nd5 20. e4 Nf6 21. e5 Nd5
22. h5 gxh5 23. Re1 h6 24. Re4 Nb4 25. Rc3 dxe5 26. Nxe5 f6 27. Ng4 Rh8 28. Nxf6
Kxf6 29. Qf4+ Ke7 30. Rxe6+ Kxe6 31. Re3+ Kd7 32. Qf5+ 1-0

[Event "38th Nezhmetdinov Mem"]
[Site "Kazan RUS"]
[Date "2016.06.04"]
[Round "5.10"]
[White "Baghdasaryan, Vahe"]
[Black "Aleksandrov, Aleksej"]
[Result "1-0"]
[WhiteTitle "IM"]
[BlackTitle "GM"]
[WhiteElo "2441"]
[BlackElo "2592"]
[WhiteFideId "13303139"]
[BlackFideId "13500139"]
[EventDate "2016.05.31"]

1. e4 e5 2. Nf3 Nc6 3. Bc4 Bc5 4. b4 Bxb4 5. c3 Ba5 6. d4 d6 7. Qb3 Qd7 8. O-O
Bb6 9. Nbd2 Na5 10. Qb1 f6 11. a4 a6 12. Ra2 Nh6 13. Re1 Nf7 14. Nf1 Nc6 15. Ne3
Ba7 16. Nf5 O-O 17. Qd3 Kh8 18. N3h4 Ng5 19. Bxg5 1-0